<?xml version="1.0" encoding="UTF-8"?>
<collection xmlns="http://www.loc.gov/MARC21/slim">
 <record>
  <leader>00339nas a22001098a 4500</leader>
  <controlfield tag="001">00042586</controlfield>
  <controlfield tag="005">20181004141046.0</controlfield>
  <controlfield tag="008">181004s########-vm#################vie|d</controlfield>
  <datafield tag="245" ind1="#" ind2="#">
   <subfield code="a">Thời báo kinh tế Sài Gòn</subfield>
  </datafield>
  <datafield tag="910" ind1="#" ind2="#">
   <subfield code="b">ndquang</subfield>
   <subfield code="d">04/10/2018</subfield>
  </datafield>
  <datafield tag="980" ind1="#" ind2="#">
   <subfield code="a">Trung tâm Học liệu Lê Vũ Hùng, Trường Đại học Đồng Tháp</subfield>
  </datafield>
 </record>
</collection>
